Normal view
MARC view
Entry Personal Name
001 - CONTROL NUMBER
- control field: 15577
003 - CONTROL NUMBER IDENTIFIER
- control field: ARRUPE
005 - DATE AND TIME OF LATEST TRANSACTION
- control field: 20150226115145.0
008 - FIXED-LENGTH DATA ELEMENTS
- fixed length control field: 150226|| aca||aabn | a|a d
040 ## - CATALOGING SOURCE
- Original cataloging agency: ARRUPE
- Transcribing agency: ARRUPE
100 ## - HEADING--PERSONAL NAME
- Personal name: Acolatse, Esther E.
670 ## - SOURCE DATA FOUND
- Source citation: Work cat.: (ARRUPE): Acolatse, Esther E. , For Freedom or bondage , 2014